000 00413nam a2200121Ia 4500
008 200922s9999 xx 000 0 und d
020 _a978-621-8035-62-1
100 _aNavarro, Rosita L.
245 _cRosita L. Navarro, Rosita G. Santos, Brenda b. Corpuz
_aAssessment of learning/
260 _aManila:
_bLorimar Publishing
_c2019
300 _axvi, 151 pages
_c25 cm.
650 _aEducational tests and measurement
999 _c364413
_d364413